Statistics for Bones TV Show Trivia - Seasons 1 to 4

Click here to take the quiz!

General Stats

  • This quiz has been taken 638 times
  • The average score is 8 of 15

Answer Stats

HintAnswer% Correct
What nickname does Brennan at first not like being called, however later on in the seasons is used to being called it?Bones
95%
What is the name of Emily Deschanel's character?Temperance Brennan
86%
Which institute do these two characters work at during each case?Jeffersonian Institute Medico-Legal Lab
82%
What is the name of David Boreanaz's character?Seeley Booth
80%
Which character turned out to be the apprentice to a psycho cannibal serial killer?Zack Addy
69%
What is the alias of the psycho cannibal serial killer which used one of the characters as his assistant?Gormogon
59%
Which two characters presented Brennan and her family with a christmas tree outside her father and brother's prison institute?Seeley Booth and Parker, his son
55%
What is the name of Booth's brother?Jared Booth
52%
What was this character's name before it was changed by her father?Joy Kienan
52%
Which author/forensic anthropologist is the show based upon?Kathy Reichs
46%
Which famous comedian/actor appeared as the insightful Dr Gordon Gordon?Stephen Fry
35%
Where was a 20 year-old boy found stuffed into for years after being dug up for a remembrance ceremony?Time Capsule
33%
Which serial killer reappears frequently throughout the first and second seasons?Howard Epps
20%
In the first episode of the series, where is the decomposed body found?A pond in the Arlington National Cemetery
19%
What is the name of the witch that is said to haunt a forest which "appears" in a ghostly apparition at the end of the episode on a filmed video?Maggie Cinders
4%

Score Distribution

Percentile by Number Answered

Percent of People with Each Score

Your Score History

You have not taken this quiz